00508nam a22001697a 450000500170000001000150001702000260003203500130005803700130007108200120008410000220009624500830011826000400020127000650024130000220030665000100032820100819153320.0 aENG-100962 a9788190909228c100.00 aEN-84495 bDBAD/PUB a301.412 aJoseph, Mary Anne aPerception of womanhood in somerset maugham's creations /cby Mary Anne Joseph aChennaibDuvaraga Publicationc2009 a1, Valli Street, Karthikeyan Nagar, MaduravayalbChennaie95 a104p.c20cm (pbk) aWomen